000 00402nam a22001457a 4500
008 250526b |||||||| |||| 00| 0 eng d
020 _a9789785920703
050 _aDT515
_b.U44
100 _aUkhami,I. Emmanuel
245 _aRelations on Nigeria's foreign policies,19560-2020
260 _aKaduna
_bPyla-mark service
_c2021
300 _axviii
650 _aNigeria-foreign Relations-1993
942 _cBK
999 _c3690
_d3690